Statistics for United States City Phone Codes

Click here to take the quiz!

General Stats

  • This quiz has been taken 27 times
    (25 since last reset)
  • The average score is 6 of 15

Answer Stats

City+1 Code% Correct
New York City917, 212, 646
94%
Washington202
63%
Detroit313, 679
44%
San Francisco628, 415
44%
Dallas214, 972, 469
38%
Los Angeles323, 310, 213
38%
Chicago872, 773, 312
38%
Philadelphia445, 267, 215
31%
Denver720, 303
31%
Seattle206, 564
25%
Las Vegas702
25%
Miami786, 305
25%
Houston832, 713, 281
25%
San Antonio210
19%
Cleveland440, 216
19%

Score Distribution

Percentile by Number Answered

Percent of People with Each Score

Your Score History

You have not taken this quiz since the last reset